Statistics for The Pink Panther Franchise

Click here to take the quiz!

General Stats

  • This quiz has been taken 31 times
  • The average score is 12 of 139

Answer Stats

TypeYearNameInfo% Correct
Film1963The Pink PantherUnited Artists
91%
Film2006The Pink PantherSony / Columbia
91%
TV Show1993-1995The Pink PantherSyndication
91%
Film2009The Pink Panther 2Sony
48%
Film1964A Shot in the DarkUnited Artists
43%
Film1975The Return of the Pink PantherUnited Artists
39%
Film1978Revenge of the Pink PantherUnited Artists
30%
Film1983Curse of the Pink PantherMGM / United Artists
26%
Film1968Inspector ClouseauUnited Artists
26%
Film1993Son of the Pink PantherMGM / United Artists
26%
Film1976The Pink Panther Strikes AgainUnited Artists
26%
Film1982Trail of the Pink PantherMGM / United Artists
26%
TV Show1969-1979The Pink Panther ShowNBC / ABC
17%
Short Film1965Pink IceUnited Artists
13%
Short Film1978Pink LemonadeUnited Artists
9%
Short Film1964Pink PajamasUnited Artists
9%
TV Show1984-1985Pink Panther and SonsNBC
9%
Short Film1968Sky Blue PinkUnited Artists
9%
Short Film1966Super PinkUnited Artists
9%
Short Film1971A Fly in the PinkUnited Artists
4%
Short Film1965An Ounce of PinkUnited Artists
4%
Short Film1975Bobolink PinkUnited Artists
4%
Short Film1965Bully for PinkUnited Artists
4%
Short Film1968Come On In! The Water's PinkUnited Artists
4%
Short Film1967Congratulations It's PinkUnited Artists
4%
Short Film1965Dial "P" for PinkUnited Artists
4%
Short Film1978Dietetic PinkUnited Artists
4%
Short Film1978Doctor PinkUnited Artists
4%
Short Film1969Extinct PinkUnited Artists
4%
Short Film1975Forty Pink WinksUnited Artists
4%
Short Film1966Genie with the Light Pink FurUnited Artists
4%
Short Film1968G.I. PinkUnited Artists
4%
Short Film1971Gong with the PinkUnited Artists
4%
Short Film1967In the PinkUnited Artists
4%
Short Film1969In the Pink of the NightUnited Artists
4%
Short Film1975It's Pink, But Is It Mink?United Artists
4%
Short Film1967Jet PinkUnited Artists
4%
Short Film1975Keep Our Forests PinkUnited Artists
4%
Short Film1968Little Beaux PinkUnited Artists
4%
Short Film1968Lucky PinkUnited Artists
4%
Short Film1976Mystic PinkUnited Artists
4%
Short Film1978Pet Pink PebblesUnited Artists
4%
Short Film1965Pickled PinkUnited Artists
4%
Short Film1971Pink 8 BallUnited Artists
4%
Short Film1966Pink-A-BooUnited Artists
4%
Short Film1968Pinkadilly CircusUnited Artists
4%
Short Film1978Pink and ShovelUnited Artists
4%
Short Film1978Pink ArcadeUnited Artists
4%
Short Film1969Pink-A-RellaUnited Artists
4%
Short Film1974Pink AyeUnited Artists
4%
Short Film1978Pink BananasUnited Artists
4%
Short Film1971Pink Blue PlateUnited Artists
4%
Short Film1978Pink BreakfastUnited Artists
4%
Short Film1975Pink CampaignUnited Artists
4%
Short Film1968Pinkcome TaxUnited Artists
4%
Short Film1978Pink DaddyUnited Artists
4%
Short Film1975PinkDaVinciUnited Artists
4%
Short Film1975Pink ElephantUnited Artists
4%
Short Film1965PinkfingerUnited Artists
4%
Short Film1971Pink-InUnited Artists
4%
Short Film1968Pink in the ClinkUnited Artists
4%
Short Film1978Pink in the DrinkUnited Artists
4%
Short Film1978Pink in the WoodsUnited Artists
4%
Short Film1968Pink Is a Many Splintered ThingUnited Artists
4%
Short Film1978Pink LightningUnited Artists
4%
Short Film1967PinknicUnited Artists
4%
Short Film1967Pink of the LitterUnited Artists
4%
Short Film1978PinkologistUnited Artists
4%
Short Film1969Pink on the CobUnited Artists
4%
Short Film1967Pink OutsUnited Artists
4%
Short Film1967Pink PanicUnited Artists
4%
Short Film1965Pink PanzerUnited Artists
4%
Short Film1967Pink ParadiseUnited Artists
4%
Short Film1969Pink Pest ControlUnited Artists
4%
Short Film1978Pink PicturesUnited Artists
4%
Short Film1976Pink PiperUnited Artists
4%
Short Film1966Pink PistonsUnited Artists
4%
Short Film1975Pink PlasmaUnited Artists
4%
Short Film1966Pink, Plunk, PlinkUnited Artists
4%
Short Film1967Pink PosiesUnited Artists
4%
Short Film1971Pink PranksUnited Artists
4%
Short Film1978Pink PressUnited Artists
4%
Short Film1978Pink PullUnited Artists
4%
Short Film1966Pink PunchUnited Artists
4%
Short Film1978Pink QuackersUnited Artists
4%
Short Film1968Pink SphinxUnited Artists
4%
Short Film1975Pink StreakerUnited Artists
4%
Short Film1978Pink SudsUnited Artists
4%
Short Film1978Pink S.W.A.T.United Artists
4%
Short Film1978Pinktails for TwoUnited Artists
4%
Short Film1978Pink TrumpetUnited Artists
4%
Short Film1971Pink Tuba-DoreUnited Artists
4%
Short Film1978Pink U.F.O.United Artists
4%
Short Film1968Pink ValiantUnited Artists
4%
Short Film1976Pinky DoodleUnited Artists
4%
Short Film1978Pink Z-Z-ZUnited Artists
4%
Short Film1967Pinto PinkUnited Artists
4%
Short Film1967Prefabricated PinkUnited Artists
4%
Short Film1968Prehistoric PinkUnited Artists
4%
Short Film1971Psst PinkUnited Artists
4%
Short Film1968Psychedelic PinkUnited Artists
4%
Short Film1968Put-Put PinkUnited Artists
4%
Short Film1965Reel PinkUnited Artists
4%
Short Film1966Rock A Bye PinkyUnited Artists
4%
Short Film1976Rocky PinkUnited Artists
4%
Short Film1975Salmon PinkUnited Artists
4%
Short Film1976Sherlock PinkUnited Artists
4%
Short Film1965Shocking PinkUnited Artists
4%
Short Film1965Sink PinkUnited Artists
4%
Short Film1969Slink PinkUnited Artists
4%
Short Film1966Smile Pretty, Say PinkUnited Artists
4%
Short Film1978Spark Plug PinkUnited Artists
4%
Short Film1978Sprinkle Me PinkUnited Artists
4%
Short Film1978Star PinkUnited Artists
4%
Short Film1978String Along in PinkUnited Artists
4%
Short Film1978Supermarket PinkUnited Artists
4%
Short Film1967The Hand Is Pinker Than the EyeUnited Artists
4%
Short Film1966The Pink BlueprintUnited Artists
4%
Short Film1971The Pink FleaUnited Artists
4%
Short Film1976The Pink of ArabeeUnited Artists
4%
Short Film1978The Pink of BagdadUnited Artists
4%
Short Film1968The Pink Package PlotUnited Artists
4%
Short Film1964The Pink PhinkUnited Artists
4%
Short Film1968The Pink PillUnited Artists
4%
Short Film1976The Pink ProUnited Artists
4%
Short Film1968The Pink QuarterbackUnited Artists
4%
Short Film1965The Pink Tail FlyUnited Artists
4%
Short Film1977Therapeutic PinkUnited Artists
4%
Short Film1975The Scarlet PinkernelUnited Artists
4%
Short Film1969Think Before You PinkUnited Artists
4%
Short Film1968Tickled PinkUnited Artists
4%
Short Film1978Toro PinkUnited Artists
4%
Short Film1974Trail of the Lonesome PinkUnited Artists
4%
Short Film1968Twinkle, Twinkle, Little PinkUnited Artists
4%
Short Film1966Vitamin PinkUnited Artists
4%
Short Film1965We Give Pink StampsUnited Artists
4%
Short Film1978Yankee Doodle PinkUnited Artists
4%
Short Film1978Cat and the BeanstalkUnited Artists
0%
TV Show2010Pink Panthers and PalsCartoon Network
0%

Score Distribution

Percentile by Number Answered

Percent of People with Each Score

Your Score History

You have not taken this quiz